000 00673naa a2200217 i 4500
001 63123
003 ES-MaBCM
005 20241016112456.0
008 991111s1999 fra 000 0 fre d
021 _axx
035 _a(OCoLC)1365236103
040 _cES-MaBCM
041 0 _afre
043 _afra
100 1 _aParker, Richard W.
_935475
245 1 0 _aDu contrôle du pouvoir administratif aux États-Unis
_cRichard W. Parker
650 2 7 _aControl administrativo externo
_958107
651 2 4 _aEstados Unidos
_9115376
773 0 _aEn:
_tAJDA. L'actualité juridique. Droit administratif
_dParis : 1999
_w104215
_gnº 10, oct., p. 751-756. - Loc. S.24
942 _cAREV
999 _c63123
_d63123